Proceedings of International Conference Economic and Societal Challenges of the European Economy Conference Proceedings, September 13-15, 2022, Petrovice u Karviné, Czech Republic

Salvato in:
Dettagli Bibliografici
Ente Autore: Economic and Societal Challenges of the European Economy. International Scientific Conference
Natura: Libro
Lingua:inglese
Pubblicazione: Karviná Silesian University in Opava. School of Business Administration in Karviná 2022
Edizione:1st Edition
Soggetti:
Tags: Aggiungi Tag
Nessun Tag, puoi essere il primo ad aggiungerne!!

MARC

LEADER 00000nlm a2200000 4500
001 0289614
005 20240822101720.4
020 |a 978-80-7510-527-1 
041 0 |a eng 
044 |a CZ 
245 1 0 |a Proceedings of International Conference Economic and Societal Challenges of the European Economy  |b Conference Proceedings, September 13-15, 2022, Petrovice u Karviné, Czech Republic 
250 |a 1st Edition 
264 1 |a Karviná  |b Silesian University in Opava. School of Business Administration in Karviná  |c 2022 
300 |a 258 s. 
610 2 0 |a javy ekonomické 
610 2 0 |a javy sociálne 
610 2 0 |a Európa 
110 2 |a Economic and Societal Challenges of the European Economy. International Scientific Conference